|
|
|
|
| LEADER |
01235nam a2200349 i 4500 |
| 001 |
AAL8977 |
| 003 |
BD-DhAAL |
| 005 |
20170925094736.0 |
| 008 |
170925s2015 bg b 000 0 eng |
| 999 |
|
|
|c 38341
|d 38341
|
| 010 |
|
|
|a 2015357047
|
| 020 |
|
|
|z 9789849989282
|
| 025 |
|
|
|a B-E-2015357047
|
| 035 |
|
|
|a (MFDhaka) 2015357047
|
| 037 |
|
|
|b Library of Congress -- New Delhi Overseas Office
|
| 040 |
|
|
|a DLC
|b eng
|e rda
|c DLC
|d DLC
|d BD-DhAAL
|
| 042 |
|
|
|a lcode
|
| 050 |
0 |
0 |
|a HN25
|b .E37 2015
|
| 082 |
|
|
|a 306
|
| 100 |
1 |
|
|a Efroymson, Debra,
|e author.
|9 22346
|
| 245 |
1 |
0 |
|a Beyond apologies :
|b defining and achieving an economics of wellbeing /
|c Debra Efroymson.
|
| 250 |
|
|
|a First edition.
|
| 264 |
|
1 |
|a Dhaka :
|b Institute of Wellbeing,
|c 2015.
|
| 300 |
|
|
|a 333 pages ;
|c 23 cm
|
| 504 |
|
|
|a Includes bibliographical references (pages 230-233).
|
| 541 |
|
|
|e 8977
|
| 650 |
|
0 |
|a Well-being.
|9 22347
|
| 650 |
|
0 |
|a Quality of life.
|9 22348
|
| 710 |
2 |
|
|a Institute of Wellbeing (Dhaka, Bangladesh)
|9 22349
|
| 852 |
|
|
|a Savar Campus Library
|c General Shelf
|
| 942 |
|
|
|2 ddc
|c BK
|
| 952 |
|
|
|0 0
|1 0
|2 ddc
|4 0
|6 306_000000000000000_EFR
|7 0
|9 61346
|a SCL
|b SCL
|c GEN
|d 2017-09-25
|e Gift :
|l 0
|o 306 EFR
|p 3020008977
|r 2017-09-25
|t 1
|w 2017-09-25
|y BK
|